नए माध्यम नई हिन्दी: (Record no. 1428877)

MARC details
000 -LEADER
fixed length control field 01001nam a22002177a 4500
005 - DATE AND TIME OF LATEST TRANSACTION
control field 20250520122724.0
008 - FIXED-LENGTH DATA ELEMENTS--GENERAL INFORMATION
fixed length control field 250520b |||||||| |||| 00| 0 eng d
020 ## - INTERNATIONAL STANDARD BOOK NUMBER
International Standard Book Number 978-81-7965-330-2 (hbk)
037 ## - SOURCE OF ACQUISITION
Terms of availability TB
040 ## - CATALOGING SOURCE
Original cataloging agency BL
Transcribing agency BL
041 ## - LANGUAGE CODE
Source of code hin
Language code of text/sound track or separate title hin
084 ## - COLON CLASSIFICATION NUMBER
Classification number P152:(D65,8(B):71) 152Q9
Assigning agency BL
100 ## - MAIN ENTRY--PERSONAL NAME
Personal name हरिमोहन
9 (RLIN) 809061
245 ## - TITLE STATEMENT
Title नए माध्यम नई हिन्दी:
Remainder of title इंटरनेट, सामाजिक माध्यमों, फेसबुक, ब्लॉग और विज्ञापन में हिन्दी
260 ## - PUBLICATION, DISTRIBUTION, ETC.
Place of publication, distribution, etc. नई दिल्ली, भारत:
Name of publisher, distributor, etc. तक्षशिला प्रकाशन,
Date of publication, distribution, etc. 2019.
300 ## - PHYSICAL DESCRIPTION
Extent 151पृ.
365 ## - TRADE PRICE
Price amount 400.00
Currency code INR
650 ## - SUBJECT ADDED ENTRY--TOPICAL TERM
Source of heading or term भाषा
942 ## - ADDED ENTRY ELEMENTS (KOHA)
Source of classification or shelving scheme Colon Classification (CC)
Koha item type Textbook
Classification part P152:(D65,8(B):71) 152Q9
Suppress in OPAC No
Holdings
Withdrawn status Lost status Source of classification or shelving scheme Damaged status Not for loan Home library Current library Date acquired Source of acquisition Cost, normal purchase price Inventory number Total Checkouts Full call number Barcode Date last seen Price effective from Koha item type
    Colon Classification (CC)     Braille Library Braille Library 2025-05-20 ईस्टर्न बुक लिंकर्स 400.00 103 & 2024-12-13   P152:(D65,8(B):71) 152Q9 BL0001179 2025-05-20 2025-05-20 Textbook
Copyright @ Delhi University Library System